[Event "Druga liga Srbije-Vojvodina 2014"]
[Site "Kac, hotel "]
[Date "2014.11.08"]
[Round "1.5"]
[White "Skoko, Milan"]
[Black "Mitrovic, Zivadin"]
[Result "1/2-1/2"]
[WhiteElo "2199"]
[BlackElo "2186"]
[PlyCount "82"]
[EventDate "2014.11.08"]

1. e4 d5 2. exd5 Nf6 3. d4 Nxd5 4. c4 Nf6 5. Nf3 Bg4 6. Be2 e6 7. O-O Be7 8.
Nc3 O-O 9. Be3 Nbd7 10. h3 Bxf3 11. Bxf3 c6 12. Qd2 Qc7 13. Rac1 Rfd8 14. Rfd1
Rac8 15. Qe2 Nf8 16. d5 cxd5 17. cxd5 Qb8 18. dxe6 Nxe6 19. Rxd8+ Rxd8 20. Rd1
Rxd1+ 21. Qxd1 Bc5 22. Bxc5 Nxc5 23. Nd5 Nxd5 24. Bxd5 b6 25. b4 Na6 26. a3 Qc7
27. Qe2 Qc1+ 28. Kh2 Nc7 29. Qc4 Qxc4 30. Bxc4 Kf8 31. Kg3 Ke7 32. Kf4 f6 33.
Ke4 Kd6 34. f4 Ke7 35. g4 Kd6 36. h4 Ke7 37. h5 h6 38. Kf5 Ne8 39. Ke4 Nc7 40.
Kf5 Ne8 41. Ke4 Nc7 1/2-1/2

[Event "Druga liga Srbije-Vojvodina 2014"]
[Site "Kac, hotel "]
[Date "2014.11.08"]
[Round "1.6"]
[White "Sertic, Rudolf"]
[Black "Drasko, Milan"]
[Result "1/2-1/2"]
[WhiteElo "2336"]
[BlackElo "2435"]
[PlyCount "24"]
[EventDate "2014.11.08"]

1. c4 e6 2. Nc3 Bb4 3. Qc2 Nf6 4. a3 Bxc3 5. Qxc3 O-O 6. Nf3 d6 7. g3 e5 8. Bg2
Re8 9. O-O c5 10. d3 h6 11. b4 Qe7 12. Bb2 Nc6 1/2-1/2

[Event "Druga liga Srbije-Vojvodina 2014"]
[Site "Kac, hotel "]
[Date "2014.11.08"]
[Round "1.6"]
[White "Vlahovic, Bogdan"]
[Black "Vujadinovic, Goran"]
[Result "1/2-1/2"]
[WhiteElo "2323"]
[BlackElo "2346"]
[PlyCount "22"]
[EventDate "2014.11.08"]

1. b3 g6 2. Bb2 Nf6 3. Nf3 Bg7 4. g3 O-O 5. Bg2 c5 6. O-O Nc6 7. c4 d6 8. d3
Bd7 9. Nc3 a6 10. e3 Rb8 11. Qe2 b5 1/2-1/2

[Event "Druga liga Srbije-Vojvodina 2014"]
[Site "Kac, hotel "]
[Date "2014.11.08"]
[Round "1.6"]
[White "Mijatovic, Dejan"]
[Black "Mastrapovic, Vladimir"]
[Result "1/2-1/2"]
[WhiteElo "2251"]
[BlackElo "2274"]
[PlyCount "25"]
[EventDate "2014.11.08"]

1. Nf3 d5 2. d4 Nf6 3. Bf4 Nh5 4. Bg5 h6 5. Bc1 Nf6 6. e3 g6 7. c4 Bg7 8. Nc3
O-O 9. Qb3 c6 10. Ne5 Nfd7 11. Nxd7 dxc4 12. Bxc4 Nxd7 13. O-O 1/2-1/2

[Event "Druga liga Srbije-Vojvodina 2014"]
[Site "Kac, hotel "]
[Date "2014.11.08"]
[Round "1.6"]
[White "Bogic, Stevan"]
[Black "Sevo, Dusan"]
[Result "1-0"]
[WhiteElo "2199"]
[BlackElo "2232"]
[PlyCount "83"]
[EventDate "2014.11.08"]

1. d4 g6 2. c4 Bg7 3. e4 c5 4. d5 b5 5. cxb5 d6 6. Nf3 Nf6 7. Nc3 O-O 8. Be2 a6
9. O-O axb5 10. Bxb5 Qb6 11. a4 Ba6 12. Nd2 Bxb5 13. Nxb5 Na6 14. Nc4 Qd8 15.
Qe2 Nb4 16. Bd2 Nd7 17. Bc3 Nb6 18. Bxg7 Kxg7 19. b3 Nd7 20. Rad1 Nb6 21. f3
Nxc4 22. Qxc4 Na6 23. f4 Nc7 24. Qc3+ Kg8 25. Na3 Qb8 26. Nc4 Qb7 27. f5 Rab8
28. Rf3 f6 29. Rg3 Kg7 30. Qf3 Qc8 31. Na5 Qe8 32. h4 Rg8 33. Nc6 Rb7 34. fxg6
hxg6 35. h5 g5 36. h6+ Kxh6 37. Rh3+ Kg7 38. Qf5 Na6 39. Rh7+ Kf8 40. Qe6 Rc7
41. Rf1 Nb4 42. Rxf6+ 1-0